Shortest U.S State Name A-Z - Statistics

General Stats
  • This quiz has been taken 67 times
  • The average score is 18 of 19
Answer Stats
Letter Length Answer % Correct
D 8 Delaware
100%
H 6 Hawaii
100%
O 4 Ohio
100%
U 4 Utah
100%
A 6 Alaska
98%
F 7 Florida
98%
I 4 Iowa
98%
K 6 Kansas
98%
P 12 Pennsylvania
98%
T 5 Texas
98%
V 7 Vermont
98%
G 7 Georgia
96%
L 9 Louisiana
96%
M 5 Maine
96%
R 11 Rhode Island
96%
S 11 South Dakota
96%
C 8 Colorado
92%
N 6 Nevada
92%
W 7 Wyoming
92%
No matching quizzes found
Score Distribution
Percent of People with Each Score
Percentile by Number Answered
Your Score History
You have not taken this quiz